000 00397nam a2200145Ia 4500
008 100122s9999 xx 000 0 und d
082 _b53120
_a928
100 _aगस्ती भीमराव
245 _aआक्रोश
260 _bराजहंस प्रकाशन
_c1993
300 _a390
630 _aआक्रोश
730 _aआक्रोश
942 _cBOOK
999 _c430237
_d430234